000 00887nam a2200277Ia 4500
001 Para_7634
003 CHAP
008 220125s1999 xx 000 0 und d
010 _a206528
040 _cCHAP
082 _aPA 632.7063 S5 1999
111 _aSimposium Nacional de Parasitología Agrícola ( 25: 1999: Manzanillo, Colima.)
_9172821
245 _aMemoria :
_b biodiversidad, fitosanidad y comercio en el Siglo XXI /
_c por Ingenieros Parasitólogos A.C.
260 _aManzanillo, Colima :
_b La Sociedad
300 _a59 p.
650 _aAgricultura
_x plagas
_xCongresos
_9164527
650 _aCultivos
_x enfermedades
_xcongresos
_9164528
710 _aIAP.
_9164467
901 _aPA 632.7063 S5 1999
902 _aA
905 _a0000001999 0000000000 00
910 _a1999
942 _cPARA
942 _cPARA
_d1
999 _c206528
_d206528